Flags of FIFA nations not in Jetpunk - Statistics

General Stats
  • This quiz has been taken 48 times
  • The average score is 18 of 24
Answer Stats
Hint Answer % Correct
England
98%
Palestine
98%
Scotland
98%
Wales
98%
Hong Kong
93%
Puerto Rico
91%
Faroe Islands
89%
Chinese Taipei
86%
Gibraltar
84%
Guam
82%
Macau
80%
Northern Ireland
80%
US Virgin Islands
80%
New Caledonia
77%
American Samoa
75%
Aruba
70%
Curaçao
70%
Bermuda
66%
Anguilla
61%
Tahiti
59%
Cook Islands
55%
Cayman Islands
52%
Montserrat
52%
Turks and Caicos Islands
50%
No matching quizzes found
Score Distribution
Percent of People with Each Score
Percentile by Number Answered
Your Score History
You have not taken this quiz